Gemälde Alter Meister (Record no. 4325)
[ view plain ]
| 000 -CABECERA | |
|---|---|
| campo de control de longitud fija | 01062nam a2200277 a 4500 |
| 001 - NÚMERO DE CONTROL | |
| campo de control | BRCA_4620 |
| 005 - FECHA Y HORA DE LA ÚLTIMA TRANSACCIÓN | |
| campo de control | 20190320204735.0 |
| 008 - DATOS DE LONGITUD FIJA--INFORMACIÓN GENERAL | |
| campo de control de longitud fija | 270910s1934----sz-a######---#000-0#ger-# |
| 041 ## - CÓDIGO DE LENGUA | |
| Código de lengua del texto/banda sonora o título independiente | ger |
| 044 ## - CÓDIGO DEL PAÍS DE LA ENTIDAD EDITORA/PRODUCTORA | |
| Código MARC del país | sz |
| 050 #4 - SIGNATURA TOPOGRÁFICA DE LA BIBLIOTECA DEL CONGRESO | |
| Número de clasificación | N5252 |
| Número de documento/Ítem | .G46 1934 |
| 245 10 - MENCIÓN DE TÍTULO | |
| Título | Gemälde Alter Meister |
| Resto del título | des 14 bis 18 Jahrhunderts |
| Mención de responsabilidad, etc. | introducción de L. Fröhlich-Bum. |
| 260 ## - PUBLICACIÓN, DISTRIBUCIÓN, ETC. | |
| Lugar de publicación, distribución, etc. | Lucerna, Suiza |
| Nombre del editor, distribuidor, etc. | H. Gilhofer & H. Ranschburg |
| Fecha de publicación, distribución, etc. | 1934 |
| 300 ## - DESCRIPCIÓN FÍSICA | |
| Extensión | 43 p. |
| Otras características físicas | il., 32 láminas |
| Dimensiones | 29 cm. |
| 500 ## - NOTA GENERAL | |
| Nota general | Catálogo de subasta de la colección del Dr. Viktor Bloch Wien, realizada el 30 de Noviembre, 1934 |
| 500 ## - NOTA GENERAL | |
| Nota general | Esculturas italianas de bronce, mármol, marfil y terracota del Renacimiento de los siglos 18-17 |
| 500 ## - NOTA GENERAL | |
| Nota general | Catálogo de subasta inventariado por Banco de México como libro |
| 500 ## - NOTA GENERAL | |
| Nota general | Estado físico: lomo y encuadernación deteriorada |
| 500 ## - NOTA GENERAL | |
| Nota general | D35 |
| 650 14 - PUNTO DE ACCESO ADICIONAL DE MATERIA--TÉRMINO DE MATERIA | |
| Término de materia o nombre geográfico como elemento de entrada | Arte |
| Subdivisión general | Colecciones particulares |
| 9 (RLIN) | 7906 |
| 650 14 - PUNTO DE ACCESO ADICIONAL DE MATERIA--TÉRMINO DE MATERIA | |
| Término de materia o nombre geográfico como elemento de entrada | Arte |
| Subdivisión general | Subastas |
| 9 (RLIN) | 11695 |
| 700 1# - PUNTO DE ACCESO ADICIONAL--NOMBRE DE PERSONA | |
| Nombre de persona | Fröhlich-Bum, L. |
| 9 (RLIN) | 11696 |
| 700 1# - PUNTO DE ACCESO ADICIONAL--NOMBRE DE PERSONA | |
| Nombre de persona | Wein Bloch, Viktor |
| 9 (RLIN) | 11697 |
| 902 ## - CATALOGADOR | |
| Iniciales | GFM |
| 942 ## - ELEMENTOS DE PUNTO DE ACCESO ADICIONAL (KOHA) | |
| Fuente del sistema de clasificación o colocación | Library of Congress Classification |
| Tipo de ítem Koha | Libros |
| Estado de retiro | Estado de pérdida | Estado dañado | No para préstamo | Localización permanente | Ubicación/localización actual | Fecha de adquisición | Número de inventario | Total de préstamos | Signatura topográfica completa | Código de barras | Fecha visto por última vez | Precio válido a partir de | Tipo de ítem Koha |
|---|---|---|---|---|---|---|---|---|---|---|---|---|---|
| El ejemplar forma parte de la colección y puede ser consultado según las políticas vigentes. | Biblioteca del Museo Franz Mayer (Rogerio Casas-Alatriste) | Biblioteca del Museo Franz Mayer (Rogerio Casas-Alatriste) | 27/09/2010 | D35 | N5252 .G46 1934 (D35) | 4618 | 22/03/2019 | 22/03/2019 | Libros |